ABBA lyrics quiz - Statistics

General Stats
  • This quiz has been taken 127 times
  • The average score is 7 of 15
Answer Stats
Hint
Answer % Correct
___ ______ _____ __ __ the loser's standing small the winner takes it all
92%
so when you're near me darling can't you hear me ___? SOS
91%
look into his _____ ____ angel eyes
81%
I can still recall ___ ____ ______ our last summer
74%
honey i'm still free ____ _ ______ __ __ take a chance on me
74%
_____ _____ how you thrill me a-ha _____ _____ honey honey
70%
________ _______ __ _______ all the time I try to capture every minute slipping through my fingers
58%
everybody screamed ____ _ ______ ___ _______ when I kissed the teacher
43%
its only natural but ___ ___ __ ____ __ __ __ ? why did it have to be me
33%
_______ , _______ oh please don't let me down andante andante
29%
______ __ ____ ,burning, burning kisses of fire
29%
neither you nor i'm to blame ____ ___ __ ____ ___ ____ when all is said and done
26%
just ______ ____ , _______ _____ waiting in the morning rain another town another train
13%
_ _____ ____ _____ __ ___ I see it now I still have faith in you
13%
yes, all we have to do is ____ _____ ___ _____ ____ ____ __ dance while the music still goes on
9%
No matching quizzes found
Score Distribution
Percent of People with Each Score
Percentile by Number Answered
Your Score History
You have not taken this quiz